000 01313nam0a22003251 4500
001 rc\2220961
005 20160512163301.0
021 _aRU
_b79-70817
035 _a(NLR Aleph) 006528487
090 _a6507530
_c6507530
100 _a20110826d1979 |||y0rusy50 ca
101 0 _arus
102 _aRU
105 _aa j |||||
200 1 _aСтанционные устройства железнодорожной автоматики и телемеханики
_e[Учебник для проф.-техн. уч-щ]
210 _aМосква
_cТранспорт
_d1979
215 _a264 с.
_cил.
_d22
606 _aЖелезные дороги
_jУчебники и пособия
_xАвтоматизация
_2psbo
606 _aЖелезные дороги
_jУчебники и пособия
_xТелемеханизация
_2psbo
686 _aО275.3я723-1
_2rubbk
686 _a39.275
_2rubbk
700 1 _aСавушкин
_bА. К.
_gАлександр Кузьмич
701 1 _aЖуков
_bВ. И.
_cканд. техн. наук, ж.-д. транспорт
_f1937-
_gВиктор Иванович
_3RU\NLR\AUTH\7724389
801 0 _aRU
_bNLR
_gpsbo
801 1 _aRU
_bELAR
_2rusmarc
852 _aNLR
_j80-5/46
899 _aRuMoRGB
_jM 79-19/236
942 _cBOOK
980 _aNB